000 01075 a2200241 4500
005 20080912125243.0
008 080912t xxu||||| |||| 00| 0 hin d
010 _aHIN-80751
020 _c125.00
_a8189327321
035 _aHN-53097
037 _bD.B.Act / pub
082 _a821
100 _aशिवनारायण
245 _aसफेद जनतंत्रःकविता संग्रह
_cशिवनारायण
246 _aSaphed Jantantra
_bby Shivarayan
260 _aपटना
_bविशाल पब्लिकेशंन
_c2006
270 _aकैलाश मार्केट, दरियापुर,पटना
_bपटना
_e800004
300 _aix,96पृ
_c22 सेमी (सजिल्द)
650 _aहिन्दी कविताएँ
650 _aHindi poems
942 _adpl
_cHN
_k821 / शिवना
_2ddc
_h821
_m शिवना
999 _c7004
_d7004